LEADER 00967nam a22002531i 4500 001 991000606869707536 005 20041008104859.0 008 041108s1983 it a||||||||||||||||ita 035 $ab13245909-39ule_inst 035 $aARCHE-117745$9ExL 040 $aDip.to Studi Storici$bita$cA.t.i. Arché s.c.r.l. Pandora Sicilia s.r.l. 082 04$a725.822 100 1 $aRotondi, Sergio$038923 245 12$aL'architettura teatrale a Roma :$bil Teatro Quirino /$cSergio Rotondi 260 $aRoma :$bKappa,$c[1983?] 300 $a65 p. :$bill. ;$c24 cm 650 4$aTeatri$zItalia$xArchitettura 651 4$aRoma$xTeatro Quirino$xStoria$y1870-1954 907 $a.b13245909$b02-04-14$c12-11-04 912 $a991000606869707536 945 $aLE019 M 308$g1$i2019000072632$lle019$nC. 1$o-$pE0.00$q-$rl$s- $t0$u0$v0$w0$x0$y.i13935550$z12-11-04 996 $aArchitettura teatrale a Roma$91100625 997 $aUNISALENTO 998 $ale019$b12-11-04$cm$da $e-$fita$git $h2$i1 LEADER 01156nam0-2200313 --450 001 9910980386503321 005 20250224112454.0 010 $a978-88-929-0249-7 020 $aIT$b2024-7891 100 $a20250224d2023----kmuy0itay5050 ba 101 0 $alat$aita$cgre 102 $aIT 105 $a 001yy 200 1 $aPlutarchi Chaeronensis De placitis decretisque philosophorum naturalibus Gullielmo Budaeo interprete$fa cura di Ester Moscatelli 210 $aFirenze$cSISMEL Edizioni del Galluzzo$d2023 215 $aXII, 183 p.$cill.$d24 cm 225 1 $a<>ritorno dei classici nell'umanesimo$i3. Edizione nazionale delle traduzioni dei testi greci in età umanistica e rinascimentale$v14 676 $a170$v23 676 $a888 700 0$aPlutarchus$0439241 702 1$aMoscatelli,$bEster 702 1$aBudé,$bGuillaume 801 0$aIT$bUNINA$gREICAT$2UNIMARC 901 $aBK 912 $a9910980386503321 952 $aP2B 660 SISMEL CLASSICI 3 (14)$b2025/70$fFLFBC 959 $aFLFBC 996 $aPlutarchi Chaeronensis De placitis decretisque philosophorum naturalibus Gullielmo Budaeo interprete$94323382 997 $aUNINA